Rallin maailmanmestarit - Statistics

Yleistilastot
  • Tätä visaa on pelattu 1 981 kertaa
    990 viimeisimmän päivityksen jälkeen
  • Keskiarvotulos 10 / 22
Vastaustilastot
Vuodet Kuljettaja Kansallisuus % Oikein
2022, 2023 Kalle Rovanperä Suomi
98%
2019 Ott Tänak Viro
79%
2013, 2014, 2015, 2016, 2017, 2018, 2020, 2021, 2025 Sébastien Ogier Ranska
75%
2000, 2002 Marcus Grönholm Suomi
72%
1986, 1987, 1991, 1993 Juha Kankkunen Suomi
71%
2004, 2005, 2006, 2007, 2008, 2009, 2010, 2011, 2012 Sébastien Loeb Ranska
70%
1996, 1997, 1998, 1999 Tommi Mäkinen Suomi
68%
2024 Thierry Neuville Belgia
54%
1981 Ari Vatanen Suomi
52%
1990, 1992 Carlos Sainz Espanja
52%
1995 Colin McRae Iso-Britannia
50%
1978 Markku Alén Suomi
49%
2003 Petter Solberg Norja
42%
1983 Hannu Mikkola Suomi
33%
1985 Timo Salonen Suomi
33%
1994 Didier Auriol Ranska
28%
2001 Richard Burns Iso-Britannia
28%
1988, 1989 Miki Biasion Italia
18%
1984 Stig Blomqvist Ruotsi
18%
1980, 1982 Walter Röhrl Saksa
17%
1979 Björn Waldegård Ruotsi
14%
1977 Sandro Munari Italia
10%
Ehtoja vastaavia visoja ei löytynyt
Tulosjakauma
Jokaisen tuloksen saaneiden osuus
Persentiili vastausten määrän mukaan
Tuloshistoriasi
Et ole pelannut tätä visaa sen viimeisimmän päivityksen jälkeen